Sports Quiz

Random Sports or Baseball Quiz

MLB Close-Up Logos Quiz Stats

Quiz Updated Jun 15, 2017

Also try: NFL Close-Up Logos
Challenge
Share
Tweet
Score 0/30 Timer 03:00
5 Plays Today
% Correct
Toronto Blue Jays
96.7%
St. Louis Cardinals
90%
New York Yankees
87.1%
Oakland A's
86.5%
Baltimore Orioles
85.7%
Houston Astros
85.2%
Kansas City Royals
84.5%
Pittsburgh Pirates
84.3%
Atlanta Braves
83.5%
Seattle Mariners
81.7%
San Francisco Giants
81.4%
Miami Marlins
81.4%
Arizona Diamondbacks
79.4%
Los Angeles Angels
79.2%
New York Mets
78.4%
% Correct
Chicago White Sox
76%
Chicago Cubs
75.3%
Detroit Tigers
74.1%
Boston Red Sox
74%
Cleveland Indians
72.8%
Colorado Rockies
71.5%
Texas Rangers
71.2%
Los Angeles Dodgers
69.4%
Cincinnati Reds
68.3%
Tampa Bay Rays
67.8%
Milwaukee Brewers
64.2%
Minnesota Twins
61.2%
San Diego Padres
59.3%
Washington Nationals
56%
Philadelphia Phillies
46.5%

You're not logged in!

Compare scores with friends on all Sporcle quizzes.
Sign Up with Email
OR
Log In

You Might Also Like...

Show Comments

Extras

Top Quizzes Today


Score Distribution

Your Account Isn't Verified!

In order to create a playlist on Sporcle, you need to verify the email address you used during registration. Go to your Sporcle Settings to finish the process.

Report this User

Report this user for behavior that violates our Community Guidelines.

Details: